|
001 -Numer kontrolny rekordu [,]
|
-
- @
- pole kontrolne
- cc97216727
|
|
005 -Data i czas ostatniej zmiany [,]
|
-
- @
- Data ostatniej zmiany
- 20241231090702.0
|
|
022 -Międzynarodowy Znormalizowany Numer Wydawnictwa Ciągłego - ISSN [ , ]
|
-
- a
- International Standard Serial Number
- 0137-4591
|
|
035 -Inne numery kontrolne [ , ]
|
-
- a
- Numer kontrolny
- (OCoLC)1424004257
|
|
040 -Instytucja sporządzająca opis [ , ]
|
-
- a
- Instytucja, która sporządziła opis (NP)
- KR U/Kaz
-
- c
- Instytucja, która sporządziła rekord (NP)
- KR U/Kaz
-
- d
- Instytucja, która zmodyfikowała rekord (P)
- GD U/MR
|
|
041 -Język dokumentu [0, ]
|
-
- a
- Język tekstu (P)
- polski
-
- b
- Język streszczeń(P)
- wielojęzyczny
|
|
942 -Rodzaj dokumentu [ , ]
|
-
- c
- Rodzaj dokumentu
- Wydaw. ciągłe w tym czasopisma
|
|
210 -Skrót tytułu [1, ]
|
-
- a
- Skrót tytułu
- Acta Univer. Lodz., 1 Nauki Humanist.-Społ.
|
|
222 -Tytuł kluczowy [ ,0]
|
-
- a
- Tytuł kluczowy
- Acta Universitatis Lodziensis, Seria 1, Nauki Humanistyczno-Społeczne
|
|
245 -Strefa tytułu i oznaczenia odpowiedzialności [0,0]
|
-
- a
- Tytuł
- Acta Universitatis Lodziensis.
-
- n
- Oznaczenie części (P)
- Seria 1,
-
- p
- Nazwa części (P)
- Nauki Humanistyczno-Społeczne.
|
|
246 -Wariant tytułu [3,0]
|
-
- a
- Tytuł (NP)
- Nauki Humanistyczno-Społeczne
|
|
246 -Wariant tytułu [1,3]
|
-
- a
- Tytuł (NP)
- Zeszyty Naukowe Uniwersytetu Łódzkiego. Seria 1, Nauki Humanistyczno-Społeczne
|
|
260 -Strefa adresu wydawniczego [ , ]
|
-
- a
- Miejsce wydania (P)
- Łódź :
-
- b
- Nazwa wydawcy (P)
- Uniwersytet Łódzki,
-
- c
- Data wydania (P)
- 1975-1980.
|
|
710 -Hasło dodatkowe - nazwa ciała zbiorowego [2, ]
|
-
- a
- Nazwa ciała zbiorowego lub nazwa geograficzna jako pierwszy element (NP)
- Uniwersytet Łódzki.
|
|
780 -Tytuł poprzedni wydawnictwa [0,2]
|
-
- t
- Title
- Zeszyty Naukowe Uniwersytetu Łódzkiego. Seria 1, Nauki Humanistyczno-Społeczne
-
- g
- Relationship information
- nr 1-112
-
- x
- International Standard Serial Number
- 0076-0358
-
- w
- Record control number
- (NUKAT)cc97205693
|
|
785 -Tytuł następny wydawnictwa [0,6]
|
-
- t
- Title
- Acta Universitatis Lodziensis. Folia Archaeologica
-
- g
- Relationship information
- 1980
-
- x
- International Standard Serial Number
- 0208-6034
-
- w
- Record control number
- (NUKAT)ee95400621
|
|
785 -Tytuł następny wydawnictwa [0,6]
|
-
- t
- Title
- Acta Universitatis Lodziensis. Folia Ethnologica
-
- g
- Relationship information
- 1982-
-
- x
- International Standard Serial Number
- 0208-6042
-
- w
- Record control number
- (NUKAT)bb95102627
|
|
785 -Tytuł następny wydawnictwa [0,6]
|
-
- t
- Title
- Acta Universitatis Lodziensis. Folia Historica
-
- g
- Relationship information
- 1980
-
- x
- International Standard Serial Number
- 0208-6050
-
- w
- Record control number
- (NUKAT)aa96041004
|
|
785 -Tytuł następny wydawnictwa [0,6]
|
-
- t
- Title
- Acta Universitatis Lodziensis. Folia Iuridica
-
- g
- Relationship information
- 1980
-
- x
- International Standard Serial Number
- 0208-6069
-
- w
- Record control number
- (NUKAT)aa96041005
|
|
785 -Tytuł następny wydawnictwa [0,6]
|
-
- t
- Title
- Acta Universitatis Lodziensis. Folia Linguistica
-
- g
- Relationship information
- 1981
-
- x
- International Standard Serial Number
- 0208-6077
-
- w
- Record control number
- (NUKAT)cc95204265
|
|
785 -Tytuł następny wydawnictwa [0,6]
|
-
- t
- Title
- Acta Universitatis Lodziensis. Folia Litteraria
-
- g
- Relationship information
- 1981
-
- x
- International Standard Serial Number
- 0208-6085
-
- w
- Record control number
- (NUKAT)cc95204264
|
|
785 -Tytuł następny wydawnictwa [0,6]
|
-
- t
- Title
- Acta Universitatis Lodziensis. Folia Paedagogica et Psychologica
-
- g
- Relationship information
- 1980
-
- x
- International Standard Serial Number
- 0208-6093
-
- w
- Record control number
- (NUKAT)aa96041006
|
|
785 -Tytuł następny wydawnictwa [0,6]
|
-
- t
- Title
- Acta Universitatis Lodziensis. Folia Scientiarum Artium et Librorum
-
- g
- Relationship information
- 1981
-
- x
- International Standard Serial Number
- 0208-6115
-
- w
- Record control number
- (NUKAT)cc95204471
|
|
785 -Tytuł następny wydawnictwa [0,6]
|
-
- t
- Title
- Acta Universitatis Lodziensis. Politologia
-
- g
- Relationship information
- 1980
-
- x
- International Standard Serial Number
- 0208-6026
-
- w
- Record control number
- (NUKAT)aa96041008
|
|
785 -Tytuł następny wydawnictwa [0,6]
|
-
- t
- Title
- Acta universitatis Lodziensis. Folia Philosophica
-
- g
- Relationship information
- 1 (1981)-
-
- x
- International Standard Serial Number
- 0208-6107
-
- w
- Record control number
- (NUKAT)bb95102655
|
|
952 -Egzemplarz [ , ]
|
-
-
- d
- Lokalizacja
- BNS Biblioteka Humanistyczna i Nauk Społecznych
-
- i
- Nr tomu wydaw.cg
- Nr 12 (1977)
-
- y
- Status udostępniania
- Tylko na miejscu
|
|
952 -Egzemplarz [ , ]
|
-
-
- d
- Lokalizacja
- BNS Biblioteka Humanistyczna i Nauk Społecznych
-
- i
- Nr tomu wydaw.cg
- Nr 23 (1977)
-
- y
- Status udostępniania
- Tylko na miejscu
|
|
952 -Egzemplarz [ , ]
|
-
-
- d
- Lokalizacja
- BNS Biblioteka Humanistyczna i Nauk Społecznych
-
- i
- Nr tomu wydaw.cg
- Nr 24 (1978)
-
- y
- Status udostępniania
- Tylko na miejscu
|
|
952 -Egzemplarz [ , ]
|
-
-
- d
- Lokalizacja
- BNS Biblioteka Humanistyczna i Nauk Społecznych
-
- i
- Nr tomu wydaw.cg
- Nr 30 (1977)
-
- y
- Status udostępniania
- Tylko na miejscu
|
|
952 -Egzemplarz [ , ]
|
-
-
- d
- Lokalizacja
- BNS Biblioteka Humanistyczna i Nauk Społecznych
-
- i
- Nr tomu wydaw.cg
- Nr 37 (1978)
-
- y
- Status udostępniania
- Tylko na miejscu
|
|
952 -Egzemplarz [ , ]
|
-
-
- d
- Lokalizacja
- BNS Biblioteka Humanistyczna i Nauk Społecznych
-
- i
- Nr tomu wydaw.cg
- Nr 39 (1978)
-
- y
- Status udostępniania
- Tylko na miejscu
|
|
952 -Egzemplarz [ , ]
|
-
-
- d
- Lokalizacja
- BNS Biblioteka Humanistyczna i Nauk Społecznych
-
- i
- Nr tomu wydaw.cg
- Nr 41 (1979)
-
- y
- Status udostępniania
- Tylko na miejscu
|
|
952 -Egzemplarz [ , ]
|
-
-
- d
- Lokalizacja
- BNS Biblioteka Humanistyczna i Nauk Społecznych
-
- i
- Nr tomu wydaw.cg
- Nr 44 (1979)
-
- y
- Status udostępniania
- Tylko na miejscu
|
|
952 -Egzemplarz [ , ]
|
-
-
- d
- Lokalizacja
- BNS Biblioteka Humanistyczna i Nauk Społecznych
-
- i
- Nr tomu wydaw.cg
- Nr 58 (1979)
-
- y
- Status udostępniania
- Tylko na miejscu
|
|
952 -Egzemplarz [ , ]
|
-
-
- d
- Lokalizacja
- BNS Biblioteka Humanistyczna i Nauk Społecznych
-
- i
- Nr tomu wydaw.cg
- Nr 61 (1979)
-
- y
- Status udostępniania
- Tylko na miejscu
|
|
952 -Egzemplarz [ , ]
|
-
-
- d
- Lokalizacja
- BNS Biblioteka Humanistyczna i Nauk Społecznych
-
- i
- Nr tomu wydaw.cg
- Nr 67 (1979)
-
- y
- Status udostępniania
- Tylko na miejscu
|
|
952 -Egzemplarz [ , ]
|
-
- a
- Numer inwentarzowy
- Pc.1755
-
-
- d
- Lokalizacja
- BM Biblioteka Międzywydziałowa
-
- i
- Nr tomu wydaw.cg
- Nr 26 (1977)
-
- p
- Kod kreskowy
- 2003900017558
-
-
- y
- Status udostępniania
- Tylko na miejscu
-
|
|
952 -Egzemplarz [ , ]
|
-
- a
- Numer inwentarzowy
- Pc.1756
-
-
- d
- Lokalizacja
- BM Biblioteka Międzywydziałowa
-
- i
- Nr tomu wydaw.cg
- Nr 35 (1980)
-
- p
- Kod kreskowy
- 2003900017565
-
-
- y
- Status udostępniania
- Tylko na miejscu
-
|
|
952 -Egzemplarz [ , ]
|
-
- a
- Numer inwentarzowy
- Pc.1757
-
-
- d
- Lokalizacja
- BM Biblioteka Międzywydziałowa
-
- i
- Nr tomu wydaw.cg
- Nr 47 (1978)
-
- p
- Kod kreskowy
- 2003900017572
-
-
- y
- Status udostępniania
- Tylko na miejscu
-
|
|
952 -Egzemplarz [ , ]
|
-
- a
- Numer inwentarzowy
- Pc.1758
-
-
- d
- Lokalizacja
- BM Biblioteka Międzywydziałowa
-
- i
- Nr tomu wydaw.cg
- Nr 49 (1979)
-
- p
- Kod kreskowy
- 2003900017589
-
-
- y
- Status udostępniania
- Tylko na miejscu
-
|
|
952 -Egzemplarz [ , ]
|
-
- a
- Numer inwentarzowy
- Pc.1771
-
-
- d
- Lokalizacja
- BM Biblioteka Międzywydziałowa
-
- i
- Nr tomu wydaw.cg
- Nr 38 (1978)
-
- p
- Kod kreskowy
- 2003900017718
-
-
- y
- Status udostępniania
- Tylko na miejscu
-
|
|
952 -Egzemplarz [ , ]
|
-
- a
- Numer inwentarzowy
- Pc.1961
-
-
- d
- Lokalizacja
- BM Biblioteka Międzywydziałowa
-
- i
- Nr tomu wydaw.cg
- Nr 15 (1977)
-
- p
- Kod kreskowy
- 2003900019613
-
-
- y
- Status udostępniania
- Tylko na miejscu
-
|
|
952 -Egzemplarz [ , ]
|
-
- a
- Numer inwentarzowy
- Pc.1962
-
-
- d
- Lokalizacja
- BM Biblioteka Międzywydziałowa
-
- i
- Nr tomu wydaw.cg
- Nr 17 (1977)
-
- p
- Kod kreskowy
- 2003900019620
-
-
- y
- Status udostępniania
- Tylko na miejscu
-
|
|
952 -Egzemplarz [ , ]
|
-
- a
- Numer inwentarzowy
- Cg.7855
-
- c
- Sygnatura
- Cg.7855 (p.202)
-
- d
- Lokalizacja
- BG Dział Udostępniania Biblioteka Główna
-
- i
- Nr tomu wydaw.cg
- Nr 50 (1979)
-
- p
- Kod kreskowy
- 2003000078558
-
-
- v
- Data wprowadzenia opisu
- 2016-12-20
-
- y
- Status udostępniania
- Tylko na miejscu
|
|
952 -Egzemplarz [ , ]
|
-
- a
- Numer inwentarzowy
- Cg.7856
-
- c
- Sygnatura
- Cg.7855 (p.202)
-
- d
- Lokalizacja
- BG Dział Udostępniania Biblioteka Główna
-
- i
- Nr tomu wydaw.cg
- Nr 54 (1980)
-
- p
- Kod kreskowy
- 2003000078565
-
-
- v
- Data wprowadzenia opisu
- 2016-12-20
-
- y
- Status udostępniania
- Tylko na miejscu
|
|
952 -Egzemplarz [ , ]
|
-
- a
- Numer inwentarzowy
- SAc.4563
-
-
- d
- Lokalizacja
- BSA Biblioteka Wydziału Prawa i Administracji im. prof. Stanisława Czepity
-
-
- i
- Nr tomu wydaw.cg
- Nr 53 (1979)
-
-
- p
- Kod kreskowy
- 2004800045634
-
-
- w
- Data inwentaryzacji
- 2000-11-16
-
- y
- Status udostępniania
- Tylko na miejscu
-
- z
- Sposób nabycia
- dary zwarte
|
|
952 -Egzemplarz [ , ]
|
-
- a
- Numer inwentarzowy
- Hc.154
-
- d
- Lokalizacja
- BNS Biblioteka Humanistyczna i Nauk Społecznych
-
- i
- Nr tomu wydaw.cg
- T.23 (1987)
-
- p
- Kod kreskowy
- 2003500001544
-
-
- v
- Data wprowadzenia opisu
- 2026-03-24
|